000 00566nam a2200217Ia 4500
999 _c125666
_d125666
001 43784
005 20220216112336.0
008 140425s9999 xx 000 0 und d
020 _a9781285866932
040 _cPK-LaUMT
082 _a 612
_bSHE-H
100 _aSherwood, Lauralee
245 _aHuman physiology :
_bfrom cells to systems /
_cby Lauralee Sherwood
250 _a10th ed. [pirated]
260 _aBoston :
_bCengage Learning,
_c2021
300 _a772 p.
546 _aEN
650 _aHuman physiology
650 _aHuman biology
942 _cBK